| 000 | 00623nam a2200193Ia 4500 | ||
|---|---|---|---|
| 003 | GCL | ||
| 008 | 140319s9999 xx 000 0 ara d | ||
| 040 |
_aGCL / _cGCL |
||
| 082 | 0 | 4 |
_a821 _bم ف |
| 100 | 1 | _aمحمد عنانى | |
| 245 | 1 | 0 |
_aالفردوس المفقود / _cمحمد عنانى |
| 700 | 1 | _aملتون , جون | |
| 260 |
_a[S.N] : _bالهيئة المصرية العامة للكتاب ، _c1986 |
||
| 300 | _a248 ص | ||
| 490 |
_aالابداع العالمى _v0 |
||
| 650 | 0 | 4 | _aالشعر الانجليزى المترجم |
| 650 | 0 | 4 | _aالادب العربى المترجم |
| 942 |
_2ddc _cBK |
||
| 999 |
_c29477 _d29477 |
||